Totalitarismo, banalidad y despolitización: la actualidad de Hannah Arendt
Bewaard in:
| Hoofdauteur: | |
|---|---|
| Formaat: | Boek |
| Taal: | Spaans |
| Gepubliceerd in: |
Santiago
LOM
2006
Santiago Universidad Alberto Hurtado 2006 |
| Editie: | 1a. ed |
| Reeks: | Colección Ciencias Humanas. Filosofía Política
|
| Onderwerpen: | |
| Tags: |
Voeg label toe
Geen labels, Wees de eerste die dit record labelt!
|
MARC
| LEADER | 00000nam a2200000 a 4500 | ||
|---|---|---|---|
| 001 | UCJ9669 | ||
| 003 | CL-VaPUC | ||
| 008 | 070330e20060000cl |||||||||||||||||spa|d | ||
| 020 | |a 9562828662 | ||
| 082 | 0 | 4 | |a 320.53 |b PRE |2 21 |
| 100 | 0 | |a Pressacco, Carlos |e author |9 519668 | |
| 245 | 1 | 0 | |a Totalitarismo, banalidad y despolitización: la actualidad de Hannah Arendt |
| 250 | |a 1a. ed | ||
| 300 | |a 152 p | ||
| 942 | |c BK | ||
| 945 | |d 20070330 00:00:00 |a cmena | ||
| 260 | |a Santiago |b LOM |c 2006 | ||
| 260 | |a Santiago |b Universidad Alberto Hurtado |c 2006 | ||
| 650 | 7 | |a FILOSOFIA POLITICA |2 CL-VaPUC |9 519669 | |
| 650 | 0 | |a Totalitarismo |9 255261 | |
| 650 | 7 | |a PARTICIPACION POLITICA |2 CL-VaPUC |9 519670 | |
| 650 | 0 | |a Educación cívica |9 314665 | |
| 650 | 0 | |a Participación social |9 256140 | |
| 583 | |a last modification |c 20171121 11:48:27 |k Rodrigo Vera | ||
| 490 | 0 | |a Colección Ciencias Humanas. Filosofía Política | |
| 999 | |c 325088 |d 325086 | ||
| 952 | |0 0 |1 0 |4 0 |6 320_530000000000000_PRE_2006_2006 |7 0 |8 A |9 405667 |a BIBHIS |b BIBHIS |d 2019-11-22 |i 432661K |l 1 |o 320.53 PRE 2006 2006 |p 432661K |r 2025-01-20 |s 2024-04-11 |w 2019-11-22 |y BK |k HIS | ||